[Event "Besancon op"]
[Site "Besancon"]
[Date "2008.12.27"]
[Round "1"]
[White "Malaise, Marc"]
[Black "Delpierre, Lin"]
[Result "0-1"]
[WhiteElo "1499"]
[BlackElo "1799"]
[PlyCount "52"]
[EventDate "2008.12.26"]
[EventType "swiss"]
[EventRounds "7"]
[EventCountry "FRA"]
[SourceTitle "CBM 128 Extra"]
[Source "ChessBase"]
[SourceDate "2009.03.05"]
[SourceVersion "2"]
[SourceVersionDate "2009.03.25"]
[SourceQuality "1"]

1. e4 c6 2. d4 d5 3. Nc3 dxe4 4. Nxe4 Nd7 5. Qe2 Ndf6 6. Nc5 b6 7. Na4 Qxd4 8. Nc3 Nd5 9. Be3 Nxe3 10. fxe3 Qd8 11. Qf3 Qc7 12. Nb5 Qb7 13. Qe4 e6 14. 0-0-0 Nf6 15. Qf3 Bd7 16. h4 0-0-0 17. g4 cxb5 18. Qxb7+ Kxb7 19. Bxb5 Bc5 20. Rd3 Bxb5 21. Rxd8 Rxd8 22. Nf3 Bc6 23. h5 Bxf3 24. Rg1 Bxe3+ 25. Kb1 Bxg1 26. Kc1 Rd1# 0-1